000
00207 a2200097 4500
001
18552
100
_a
Manzil M.A
245
_a
Tajreeda Sahi Muslmi
260
_a
_b
Ashahat Manzil
_c
090
_c
13782
_d
13782
942
_a
NUST-CAE
_c
M
_c
4205
999
_c
253625
_d
253625